L'exclusion, rupture du lien social.

Sociologický prístup k procesu sociálneho vylúčenia. Teoretický prístup k tomuto pojmu. Kritériá situácie vylúčenia. Obyvateľstvo riskuje vylúčenie. Nezamestnaní ako obyvatelia čiastočne riskujúci vylúčenie. Neúspech v škole ako skoré vylúčenie. Chudoba. Vylúčenie a spravodlivosť. Náklady na politik...

Ausführliche Beschreibung

Gespeichert in:
Bibliographische Detailangaben
Format: Buchkapitel
Sprache:Französisch
Schlagworte:
Tags: Tag hinzufügen
Keine Tags, Fügen Sie das erste Tag hinzu!

MARC

LEADER 00000naa a2200000 4500
001 r009375
005 20220913124543.7
041 0 |a fre 
044 |a FR 
245 1 0 |a L'exclusion, rupture du lien social. 
520 |a Sociologický prístup k procesu sociálneho vylúčenia. Teoretický prístup k tomuto pojmu. Kritériá situácie vylúčenia. Obyvateľstvo riskuje vylúčenie. Nezamestnaní ako obyvatelia čiastočne riskujúci vylúčenie. Neúspech v škole ako skoré vylúčenie. Chudoba. Vylúčenie a spravodlivosť. Náklady na politiku boja proti vylúčeniu. (Commissariat général du Plan-Exclus et exclusions, jan. 1992). 
610 2 0 |a procesy sociálno-ekonomické 
610 2 0 |a sociológia 
610 2 0 |a postavenie sociálne 
610 2 0 |a nezamestnanosť 
610 2 0 |a chudoba